000 00642nam a2200193 i 4500
001 150686
003 ES-MaACL
005 20250921063034.0
007 t|
008 071106s1915 xxk ||||1| spa d
100 1 _aDoyle, Arthur Conan,
_cSir,
_d1859-1930
_945552
245 1 3 _aEl aspecto de la guerra /
_cpor Arthur Conan Doyle.
260 _aEdimburgo, etc. :
_bThomas Nelson & Sons,
_c[1915?]
300 _a20 p. ;
_c19 cm.
500 _aEl original se publicó en inglés en el Daily Chronicle, 15 October 1915.
650 1 4 _aGuerra mundial, 1914-1918.
_913212
852 _aES-MaACL
_j1481-F-14
999 _c150686
_d150686